[Event "IM"]
[Site "Niederbronn FRA"]
[Date "2003.08.04"]
[Round "3"]
[White "Sermier,G"]
[Black "Batyrov,S"]
[Result "0-1"]
[WhiteElo "2373"]
[BlackElo "2418"]

1.e4 c5 2.Nf3 e6 3.d4 cxd4 4.Nxd4 a6 5.Nc3 Nc6 6.Be2 Qc7 7.O-O Nf6 8.Be3 Be7
9.f4 d6 10.a4 O-O 11.Nb3 b6 12.Bf3 Bb7 13.Qd2 Rac8 14.Qf2 Nd7 15.Rfd1 Rfd8
16.Rd2 Nc5 17.Nd4 Nb4 18.g4 Qb8 19.Qg2 Qa8 20.Rad1 Rc7 21.g5 Bf8 22.h4 g6
23.Nde2 Nc6 24.h5 Rcd7 25.hxg6 fxg6 26.Nd4 Rf7 27.a5 Rb8 28.Nxc6 Bxc6 29.axb6 Rxb6
30.b3 Rb4 31.Rd4 a5 32.Na2 Rxd4 33.Rxd4 Qb8 34.Nc1 Qb7 35.Nd3 Nd7 36.Bg4 e5
37.fxe5 dxe5 38.Rc4 Nb6 39.Nc5 Nxc4 40.Nxb7 Nxe3 41.Qe2 Rf1+ 42.Kh2 Rf2+  0-1

[Event "Open"]
[Site "Olomouc CZE"]
[Date "2003.08.05"]
[Round "7"]
[White "Jurcik,Mari"]
[Black "Kurenkov,N"]
[Result "1/2-1/2"]
[WhiteElo "2164"]
[BlackElo "2410"]

1.e4 c5 2.Nc3 e6 3.Nf3 a6 4.d4 cxd4 5.Nxd4 Qc7 6.g3 b5 7.Bg2 Bb7 8.O-O d6
9.Re1 Be7 10.a4 bxa4 11.Nxa4 Nf6 12.b3 O-O 13.Bb2 Nbd7 14.f4 Rfe8 15.Nc3 Bf8
16.Kh1 Rac8 17.Qe2 d5 18.e5 Bb4 19.exf6 Bxc3 20.Bxc3 Qxc3 21.Qe3 Qxe3 22.Rxe3 gxf6
23.c4 Nb6 24.Kg1 Red8 25.Kf2 Rc7 26.cxd5 Nxd5 27.Bxd5 Rxd5 28.Ne2 Rc2 29.Rc1 Rdd2
30.Rxc2 Rxc2 31.Rc3 Rb2 32.Ke3 Bd5 33.Nd4 Rxh2 34.Nc6 Bxc6 35.Rxc6 Rg2 36.Kf3 Ra2
37.f5 e5 38.Rxf6 Kg7 39.Rb6 a5 40.Ke4 Re2+ 41.Kd5 h5 42.Ra6 Re3 43.Rxa5 Kf6
44.b4 Rxg3 45.b5 Kxf5 46.b6 h4 47.Rb5 h3 48.Rb1 h2 49.Rh1 Rb3 50.Rxh2 f6
51.Kc6 Kg4 52.b7 e4 53.Rh8 e3 54.b8=Q Rxb8 55.Rxb8 f5 56.Kd5 Kf3 57.Kd4 f4
58.Kd3 Kf2 59.Rb2+  1/2-1/2

[Event "IPCA World Cup"]
[Site "Hrabyne CZE"]
[Date "2003.08.06"]
[Round "7"]
[White "Nabelek,M"]
[Black "Kocur,W"]
[Result "1/2-1/2"]
[WhiteElo "2101"]
[BlackElo "2120"]

1.e4 c5 2.Nf3 e6 3.d4 cxd4 4.Nxd4 a6 5.Nc3 Qc7 6.Be2 Nf6 7.Be3 Be7 8.O-O O-O
9.a4 Nc6 10.f4 d6 11.Bf3 Bd7 12.Kh1 Rac8 13.g4 Nxd4 14.Bxd4 e5 15.Be3 exf4
16.Bxf4 Bc6 17.g5 Nd7 18.Bg2 Ne5 19.Qh5 f6 20.Bh3 Bd7 21.Nd5 Qd8 22.Bxe5 fxe5
23.Rxf8+ Bxf8 24.Bxd7 Qxd7 25.Nb6 Qe8 26.Qxe8 Rxe8  1/2-1/2

[Event "Open"]
[Site "Olomouc CZE"]
[Date "2003.08.06"]
[Round "8"]
[White "Maslak,K"]
[Black "Beil,M"]
[Result "1-0"]
[WhiteElo "2439"]
[BlackElo "2153"]

1.e4 c5 2.Nf3 e6 3.d4 cxd4 4.Nxd4 a6 5.Nc3 Qc7 6.g3 Nf6 7.Bg2 Be7 8.O-O O-O
9.f4 Nc6 10.Nb3 d6 11.g4 Nd7 12.g5 Re8 13.a4 b6 14.Rf3 Bf8 15.Rh3 g6 16.Be3 Bg7
17.Qe1 Nf8 18.Qh4 Rb8 19.f5 Ne5 20.f6 Bh8 21.Nd2 Bd7 22.Bf4 b5 23.Rc1 bxa4
24.Nd1 Rec8 25.Kh1 Qa5 26.c3 Qc5 27.Bxe5 Qxe5 28.Nf2 Qb5 29.Ng4 h5 30.Nh6+ Kh7
31.Bf3 Bxf6 32.e5 Qxb2 33.Rg1 Qxd2 34.Nxf7 Bc6 35.gxf6 Kg8 36.Nxd6 Bxf3+
37.Rxf3 Rc7  1-0

[Event "Hilton Premier"]
[Site "Blackpool ENG"]
[Date "2003.08.07"]
[Round "6"]
[White "Haslinger,S"]
[Black "Hanley,C"]
[Result "1/2-1/2"]
[WhiteElo "2414"]
[BlackElo "2387"]

1.e4 c5 2.Nf3 e6 3.d4 cxd4 4.Nxd4 a6 5.Nc3 Qc7 6.Bd3 Nf6 7.O-O b5 8.Qe2 d6
9.Bd2 Bb7 10.a4 b4 11.Na2 Qb6 12.Be3 d5 13.e5 Ne4 14.Nb3 Qc7 15.f3 Nc5 16.Nxc5 Bxc5
17.Qf2 Bxe3 18.Qxe3 Nc6 19.f4 d4 20.Qe2 O-O 21.Qh5 g6 22.Qg5 a5 23.Nc1 Qe7
24.h4 Qxg5 25.hxg5 Ne7 26.Nb3 Rfd8 27.Kf2 Bd5 28.Rfd1 Kg7 29.g3 Nc6 30.Bb5 Rac8
31.Bxc6 Bxc6 32.Nxd4 Bd5 33.Rd2 Rh8 34.Ke3 h6 35.gxh6+ Rxh6 36.Rg1 Rh3 37.Rf2 b3
38.cxb3 Rb8 39.Rc2 Bxb3 40.Rc5 Rh2 41.Rxa5 Rxb2 42.g4 g5 43.f5 Rc8 44.fxe6 fxe6
45.Ke4  1/2-1/2

[Event "Ceska Pojistovna Cup"]
[Site "Olomouc CZE"]
[Date "2003.08.07"]
[Round "9"]
[White "Groetz,H"]
[Black "Pisk,P"]
[Result "0-1"]
[WhiteElo "2336"]
[BlackElo "2347"]

1.e4 c5 2.Nf3 a6 3.Nc3 e6 4.d4 cxd4 5.Nxd4 Qc7 6.g3 Nc6 7.Bg2 Nf6 8.O-O Bc5
9.Nxc6 dxc6 10.Na4 Ba7 11.c4 Nd7 12.Qg4 Bd4 13.Bf4 Qa5 14.Qd1 e5 15.Bd2 Qc7
16.Qg4 Kf8 17.Qe2 b5 18.Nc3 Nb6 19.cxb5 axb5 20.Rfc1 Nc4 21.a4 Qb8 22.Be1 h5
23.axb5 Rxa1 24.Rxa1 cxb5 25.Bf1 Bd7 26.Qc2 Nd6 27.Nd5 Kg8 28.Ra6 Rh6 29.b3 Kh7
30.Ba5 Qb7 31.Nb4 Nxe4 32.Bd3 f5 33.Rxh6+ Kxh6 34.Kf1 Nxf2 35.Ke2 Qg2 36.Bxf5 Ne4+  0-1

[Event "HZ Open"]
[Site "Vlissingen NED"]
[Date "2003.08.08"]
[Round "8"]
[White "Werle,J"]
[Black "Solleveld,Maa"]
[Result "1/2-1/2"]
[WhiteElo "2397"]
[BlackElo "2458"]

1.e4 c5 2.Nc3 e6 3.Nge2 a6 4.d4 cxd4 5.Nxd4 b5 6.Bd3 Qb6 7.Nb3 Qc7 8.O-O Bb7
9.f4 Nf6 10.Qf3 d6 11.Bd2 Nbd7 12.a3 Be7 13.Kh1 O-O 14.Qh3 e5 15.fxe5 dxe5
16.Bg5 Rfe8 17.Qf3 Rad8 18.Ne2 Nf8 19.Ng3 Ne6 20.Bd2 Rd7 21.Nf5 Bf8 22.Rae1 Nf4
23.Ba5 Qc8 24.Bb4 g6 25.Ng3 Re6 26.Ne2 N6h5 27.Nxf4 Nxf4 28.Bxf8 Qxf8 29.Qe3 Rc6
30.Na5 Rcc7 31.Nxb7 Rxb7 32.Rd1 Qd8 33.Be2 Rxd1 34.Rxd1 Rd7 35.Rxd7 Qxd7
36.Bf3 Qd6 37.g3 Ne6 38.c3 Kg7 39.Kg2 f5 40.exf5 gxf5 41.Be2 e4 42.c4 Nd4  1/2-1/2

[Event "Jezero Open"]
[Site "Belgrade YUG"]
[Date "2003.08.15"]
[Round "2"]
[White "Petrovic,ZoZ"]
[Black "Panic,Ne"]
[Result "0-1"]
[WhiteElo "2147"]
[BlackElo "2347"]

1.e4 c5 2.Nf3 e6 3.d4 cxd4 4.Nxd4 a6 5.Nc3 Qc7 6.Be2 Nf6 7.O-O Nc6 8.Be3 b5
9.Nxc6 dxc6 10.f4 e5 11.fxe5 Qxe5 12.Bd4 Bc5 13.Bxc5 Qxc5+ 14.Kh1 Be6 15.Qd3 Qe5
16.Rad1 O-O 17.Qd6 Qxd6 18.Rxd6 Rfc8 19.Bf3 Nd7 20.Rfd1 Ne5 21.b3 Kf8 22.Ne2 Ke7
23.Nf4 Rd8 24.Rxd8 Rxd8 25.Rxd8 Kxd8 26.Nxe6+ fxe6 27.Be2 Ke7 28.Kg1 Kd6
29.a3 Nd7 30.Kf2 Ke5 31.Ke3 Nf6 32.h4 c5 33.Bf3 Ne8 34.c3 Nd6 35.g3 g6 36.Bg2 h6
37.Bh1 a5 38.b4 cxb4 39.cxb4 Nc4+ 40.Kd3 a4 41.Bf3 Nxa3 42.Kc3 Nc4 43.Bg2 g5
44.hxg5 hxg5 45.Bf1 a3 46.Bxc4 bxc4  0-1

[Event "9th Open"]
[Site "Pilsen-Lobzy CZE"]
[Date "2003.08.16"]
[Round "1"]
[White "Hrbolka,L jr"]
[Black "Choisy,M"]
[Result "1-0"]
[WhiteElo "2207"]
[BlackElo "2024"]

1.e4 c5 2.Nf3 e6 3.d4 cxd4 4.Nxd4 a6 5.Nc3 Qc7 6.Be2 Nf6 7.O-O Nc6 8.Be3 Bb4
9.Na4 O-O 10.Nxc6 bxc6 11.Nb6 Rb8 12.Nxc8 Qxc8 13.Bd3 d5 14.e5 Nd7 15.Qh5 g6
16.Qg5 Re8 17.f4 Be7 18.Qg3 Kh8 19.b3 c5 20.c4 d4 21.Bd2 Qc7 22.Rf3 a5 23.Qg4 a4
24.Rb1 Qa7 25.Rh3 Nf8 26.Be4 axb3 27.axb3 Red8 28.Qd1 Qd7 29.Ra1 f5 30.exf6 Bxf6
31.Ra6 Qf7 32.Ba5 Rd7 33.Bb6 Rc8 34.Rd3 Bd8 35.g3 Bxb6 36.Rxb6 Rdc7 37.Qa1 Nd7
38.Ra6 Nf6 39.Bf3 Kg7 40.Qe1 Re7 41.b4 Nd7 42.b5 e5 43.Bd5 Qf8 44.b6 e4 45.b7 exd3
46.Qxe7+ Qxe7 47.bxc8=Q d2 48.Bf3 Qe1+ 49.Kg2 d1=Q 50.Qxd7+ Kh6 51.Bxd1  1-0

[Event "9th Open"]
[Site "Pilsen-Lobzy CZE"]
[Date "2003.08.16"]
[Round "1"]
[White "Hodova,L"]
[Black "Rehorek,M"]
[Result "1/2-1/2"]
[WhiteElo "2059"]
[BlackElo "2254"]

1.e4 c5 2.Nf3 e6 3.d4 cxd4 4.Nxd4 a6 5.Nc3 Qc7 6.g3 b5 7.Bg2 Bb7 8.O-O Bc5
9.Nb3 Ba7 10.Re1 Ne7 11.Bf4 e5 12.Be3 O-O 13.Nd5 Bxd5 14.exd5 d6 15.a4 Nd7
16.Bxa7 Rxa7 17.axb5 axb5 18.Rxa7 Qxa7 19.Nd4 Qc5 20.Nc6 Nxc6 21.dxc6 Nb6
22.Re3 b4 23.Rd3 Rd8 24.c3 d5 25.c7 Qxc7 26.Bxd5 bxc3 27.bxc3 Kf8 28.c4 Qc5
29.Qf3 Nxd5 30.Rxd5 Rxd5 31.cxd5 g6  1/2-1/2

[Event "ADCF Masters"]
[Site "Abu Dhabi UAE"]
[Date "2003.08.17"]
[Round "2"]
[White "Pourkashiyan,A"]
[Black "Ahmed,Es"]
[Result "0-1"]
[WhiteElo "2235"]
[BlackElo "2403"]

1.e4 c5 2.Nf3 e6 3.d4 cxd4 4.Nxd4 a6 5.Nc3 b5 6.a3 Bb7 7.Be3 Qc7 8.Bd3 Nf6
9.O-O d5 10.exd5 Nxd5 11.Nxd5 Bxd5 12.Re1 Nd7 13.a4 b4 14.Qe2 Bd6 15.Bxa6 Bxh2+
16.Kh1 Be5 17.Bd3 O-O 18.b3 f5 19.Rad1 f4 20.Nb5 Qb8 21.Be4 Bxe4 22.Qc4 fxe3
23.Qxe6+ Kh8 24.Rxe3 Nc5 25.Qc4 Qe8  0-1

[Event "ADCF Masters"]
[Site "Abu Dhabi UAE"]
[Date "2003.08.17"]
[Round "2"]
[White "Velikhanli,F"]
[Black "Poluljahov,A"]
[Result "1/2-1/2"]
[WhiteElo "2339"]
[BlackElo "2530"]

1.e4 c5 2.Nf3 e6 3.d4 cxd4 4.Nxd4 a6 5.Nc3 b5 6.Bd3 d6 7.O-O Nf6 8.a4 b4
9.Nce2 e5 10.Nf5 Bxf5 11.exf5 d5 12.c3 Nc6 13.a5 Be7 14.Be3 O-O 15.Bb6 Qd6
16.Ng3 Bd8 17.c4 Bxb6 18.axb6 dxc4 19.Bxc4 Qb8 20.Nh5 Nxh5 21.Qxh5 Qxb6 22.f6 gxf6
23.Rae1 Nd4 24.Re3 f5 25.Rxe5 Qg6 26.Qd1 Rad8 27.Rd5 Ne6 28.Qf3 Nd4 29.Qd3  1/2-1/2

[Event "Open"]
[Site "Vienna AUT"]
[Date "2003.08.17"]
[Round "2"]
[White "Holzer,G"]
[Black "Eingorn,V"]
[Result "0-1"]
[WhiteElo "2258"]
[BlackElo "2611"]

1.e4 c5 2.Nf3 e6 3.Nc3 a6 4.d4 cxd4 5.Nxd4 Qc7 6.Be2 b5 7.O-O Bb7 8.Bd3 Nf6
9.Qe1 Ng4 10.Nf3 Nc6 11.h3 Nge5 12.Nxe5 Nxe5 13.Be2 b4 14.Nd1 Qxc2 15.f3 Bc5+
16.Kh1 Nd3 17.Qd2 Qxd2 18.Bxd2 Ne5 19.Rc1 d6 20.b3 a5 21.Bb5+ Ke7 22.Nb2 Rhc8
23.Rfd1 Ba6 24.Bxa6 Rxa6 25.Bf4 f6 26.Rc2 Rac6 27.Rcd2 Bb6 28.Bxe5 fxe5 29.Nc4 Rxc4
30.bxc4 Bd4 31.Rc2 a4 32.Rd3 Rb8 33.Rc1 b3 34.axb3 axb3 35.Rb1 b2 36.Rd2 Rb3
37.Kh2 Kd7 38.Kg3 Kc6 39.Kg4 Kc5 40.Rc2 Kb4 41.f4 exf4 42.c5 Rg3+ 43.Kh4 Bf6+  0-1

[Event "9th Open"]
[Site "Pilsen-Lobzy CZE"]
[Date "2003.08.18"]
[Round "3"]
[White "Pech,V"]
[Black "Kovar,Jo"]
[Result "1-0"]
[WhiteElo "2171"]
[BlackElo "1922"]

1.e4 c5 2.Nf3 e6 3.Nc3 a6 4.d4 cxd4 5.Nxd4 Qc7 6.Bd3 Nc6 7.Nxc6 dxc6 8.f4 g6
9.Be3 f6 10.Qf3 Bb4 11.O-O Bd7 12.a3 Bd6 13.e5 Be7 14.Ne4 f5 15.Nc5 Bc8 16.Na4 Kf7
17.Bb6 Qb8 18.Rad1 Nh6 19.Bc4 Re8 20.Nc5 Ng4 21.Nxe6 Nxe5 22.Nd8+ Kf8 23.fxe5 Qxe5
24.Rfe1 Qxb2 25.Qe3 Qxa3 26.Qh6+  1-0

[Event "Open"]
[Site "Vienna AUT"]
[Date "2003.08.18"]
[Round "3"]
[White "Guski,D"]
[Black "Wukits,R"]
[Result "0-1"]
[WhiteElo "2091"]
[BlackElo "2288"]

1.e4 c5 2.Nf3 e6 3.d4 cxd4 4.Nxd4 a6 5.Nc3 d6 6.Be3 Nf6 7.Bc4 Be7 8.Qe2 O-O
9.O-O-O Qc7 10.Bb3 Nc6 11.Rhg1 b5 12.g4 b4 13.g5 bxc3 14.gxf6 cxb2+ 15.Kb1 Bxf6
16.Nxc6 Qxc6 17.Bh6 g6 18.Bxf8 Kxf8 19.f4 Qc7 20.Qd3 a5 21.a4 Ke7 22.e5 dxe5
23.fxe5 Bxe5 24.Rgf1 Ra7 25.Qh3 h5 26.Qh4+ Kf8 27.Qg5 Kg7 28.Qe3 Ba6 29.Rf3 Rb7
30.Re1 f6 31.Qe4 Rb4 32.Qe3 Bb7 33.Rff1 Bd5 34.Rd1 Be4 35.Rd2 g5 36.Rff2 Bc3
37.Rd1 Be5 38.Rdd2 Qe7  0-1

[Event "9th Open"]
[Site "Pilsen-Lobzy CZE"]
[Date "2003.08.19"]
[Round "4"]
[White "Kubikova,A"]
[Black "Kriz,L"]
[Result "1-0"]
[WhiteElo "2170"]
[BlackElo "2097"]

1.e4 c5 2.Nf3 e6 3.d4 cxd4 4.Nxd4 a6 5.Nc3 b5 6.a3 Bb7 7.Bd3 Nc6 8.Be3 Ne5
9.Qe2 Nxd3+ 10.cxd3 Ne7 11.f4 d5 12.e5 Nc6 13.O-O Nxd4 14.Bxd4 g6 15.Qf2 Be7
16.Rac1 Rc8 17.Nb1 Kf8 18.Nd2 h5 19.Nb3 Rxc1 20.Rxc1 Kg7 21.Bb6 Qa8 22.Na5 Rc8
23.Rc2 Bc6 24.h3 Bd7 25.b4 f5 26.Bc7 Kf7 27.Qb6 Bd8 28.Nb7 Be7 29.Nd6+ Bxd6
30.Qxd6 Qa7+ 31.Rc5 Be8 32.Kh2 Qb7 33.d4 Qa7 34.Kg3 Qb7 35.Kh4 Qa7 36.Bb6 Qd7
37.Rxc8 Qxc8 38.Bc5 Bd7 39.Qe7+ Kg8 40.Kg5 Qe8 41.Qxe8+ Bxe8 42.Kf6 Bd7 43.Kxg6 Be8+
44.Kf6 Bd7 45.Ke7 Bc8 46.Kd8 Bb7 47.Kc7 Ba8 48.Kb6 Kf7 49.Kxa6 Bc6 50.a4 bxa4
51.b5 Ba8 52.b6 Ke8 53.b7 Bxb7+ 54.Kxb7 Kd7 55.Kb6 Kd8 56.Kc6 Ke8 57.Kd6  1-0

[Event "9th Open"]
[Site "Pilsen-Lobzy CZE"]
[Date "2003.08.19"]
[Round "4"]
[White "Choisy,M"]
[Black "Postupa,P"]
[Result "1-0"]
[WhiteElo "2024"]
[BlackElo "2132"]

1.e4 c5 2.Nf3 e6 3.d4 cxd4 4.Nxd4 a6 5.Nc3 Bc5 6.Nb3 Ba7 7.Bd3 Nc6 8.O-O b5
9.Kh1 Bb7 10.f4 d6 11.f5 h5 12.fxe6 fxe6 13.Bf4 Nf6 14.Qe2 Ng4 15.Rad1 g5
16.e5 O-O 17.Qe4 Rf5 18.exd6 Qd7 19.Bg3 Nd4 20.Rxf5 Bxe4 21.Rxg5+ Kf8 22.Bxe4 Ne3
23.Rxh5 Qg7 24.Bxa8 Nxd1 25.Nxd1 Qg4 26.Rh8+ Kg7 27.Be5+ Kg6 28.Rg8+  1-0

[Event "ADCF Masters"]
[Site "Abu Dhabi UAE"]
[Date "2003.08.20"]
[Round "5"]
[White "Lauridsen,Jesper"]
[Black "Vasilevich,T"]
[Result "0-1"]
[WhiteElo "2223"]
[BlackElo "2431"]

1.e4 c5 2.Nf3 e6 3.d4 cxd4 4.Nxd4 a6 5.Nc3 b5 6.Bd3 Bb7 7.O-O d6 8.f4 Nf6
9.Qe2 Be7 10.Bd2 O-O 11.Rae1 Nbd7 12.e5 dxe5 13.fxe5 Bc5 14.Be3 Nd5 15.Nxd5 Bxd5
16.c3 Nxe5 17.Bxh7+ Kxh7 18.Qh5+ Kg8 19.Qxe5 Qh4 20.Nf3 Bxe3+ 21.Rxe3 Qg4
22.h3 Qg6 23.Nh4 Qh6 24.Rg3 f6 25.Nf5 fxe5 26.Nxh6+ Kh7 27.Nf7 Bxa2 28.Rg5 g6
29.Rxe5 Kg7 30.Ng5 Rxf1+ 31.Kxf1 Kf6 32.Rc5 Bd5 33.Nf3 Rd8 34.Nd4 e5 35.Nc6 Rd6
36.Nb4 Be4 37.Rc8 a5 38.Na2 Bb1 39.c4 Bxa2 40.cxb5 Rb6 41.Rc6+ Rxc6 42.bxc6 Ke6
43.h4 Kd6 44.g4 Kxc6  0-1

[Event "ch-FRA"]
[Site "Aix les Bains FRA"]
[Date "2003.08.20"]
[Round "3"]
[White "Fontaine,R"]
[Black "Sokolov,And1"]
[Result "1/2-1/2"]
[WhiteElo "2541"]
[BlackElo "2554"]

1.e4 c5 2.Nf3 e6 3.d4 cxd4 4.Nxd4 a6 5.Nc3 Qc7 6.Bd3 Nf6 7.O-O Nc6 8.Be3 d6
9.f4 Bd7 10.Qf3 Be7 11.Rae1 O-O 12.Qg3 Nb4 13.Be2 Nc6 14.Kh1 Kh8 15.Nf3 d5
16.exd5 exd5 17.Rd1 Bf5 18.Nd4 Ne4 19.Qe1 Nxc3 20.Qxc3 Bf6 21.Qc5 Be4 22.Bd3 Rfe8
23.Bxe4 Rxe4 24.Nf5 g6 25.Ng3 b6 26.Qa3 Rc4 27.f5 Bg7 28.fxg6 fxg6 29.Qb3 b5
30.Rxd5 Nb4 31.Rd2 Nxc2 32.Bg5 Re8 33.Rdf2 Nd4 34.Qa3 Qc5 35.Qxc5  1/2-1/2

[Event "Independence Cup"]
[Site "Kyiv UKR"]
[Date "2003.08.20"]
[Round "8"]
[White "Dolzhikova,K"]
[Black "Dziadyk,P"]
[Result "1/2-1/2"]
[WhiteElo "2110"]
[BlackElo "2261"]

1.e4 c5 2.Nf3 e6 3.d4 cxd4 4.Nxd4 a6 5.Nc3 Nc6 6.g3 d6 7.Bg2 Bd7 8.O-O Rc8
9.Kh1 Be7 10.f4 Qc7 11.Be3 Nf6 12.Bg1 O-O 13.Qe2 Nxd4 14.Bxd4 Bc6 15.Rad1 Nd7
16.Rd2 Rfe8 17.Rfd1 b5 18.a3 Qb7 19.Qg4 Bf8 20.Re1 a5 21.Nd1 e5 22.fxe5 Nxe5
23.Bxe5 Rxe5 24.Nf2 Ree8 25.Rde2 b4 26.axb4 axb4 27.Nd3 g6 28.h4 Bg7 29.Kh2 Ra8
30.e5 Bxg2 31.Rxg2 Bxe5 32.Rge2 Rec8 33.Qxb4 Qxb4 34.Nxb4 Bxb2 35.Nd5 Rc5
36.Rd1 Be5 37.Rd3 Ra2 38.Ne3 Kg7 39.Kh3 Rc3 40.Rxc3 Bxc3 41.Nd5 Be5 42.Nb4 Ra1
43.Nd3 Kf6 44.Kg2 h5 45.Kh2 Ke6 46.Nf4+ Kf5 47.Nd3 Rd1 48.Kh3 Kf6 49.Kh2 Bc3
50.Nf2 Rd4 51.Ne4+ Rxe4 52.Rxe4 Be5 53.Kg2 Kf5 54.Ra4 f6 55.Kf3 Bc3 56.Rf4+ Ke5
57.Rc4 Bd4 58.c3 Bc5 59.Re4+ Kf5  1/2-1/2

[Event "Independence Cup"]
[Site "Kyiv UKR"]
[Date "2003.08.20"]
[Round "8"]
[White "Shianovsky,V"]
[Black "Sluzhbina,A"]
[Result "1-0"]
[WhiteElo "2281"]
[BlackElo "1925"]

1.e4 c5 2.Nf3 e6 3.d4 cxd4 4.Nxd4 a6 5.Nc3 b5 6.Bd3 Qb6 7.Nb3 Qc7 8.Qe2 d6
9.Bf4 Nd7 10.a4 b4 11.Na2 e5 12.Bd2 a5 13.c3 Nc5 14.Nxc5 dxc5 15.Bb5+ Bd7
16.cxb4 cxb4 17.O-O Bd6 18.Rac1 Qb7 19.Bxd7+ Qxd7 20.Rfd1 Ne7 21.Nxb4 axb4
22.Bxb4 Nc8 23.Rxc8+ Rxc8 24.Bxd6 Rd8 25.Qc4 Qxd6 26.Rxd6 Rxd6 27.Qb5+ Kd8
28.g3 Re8 29.b4 Ree6 30.Qb8+ Ke7 31.b5 Kf6 32.a5 Rd1+ 33.Kg2 Ra1 34.a6 Raxa6
35.bxa6 Rxa6 36.f4 exf4 37.gxf4 Kg6 38.f5+ Kh5 39.Qe8 Ra7 40.Kf3 Kg5 41.Qd8+ f6
42.Qd2+ Kh5 43.Kf4 g6 44.Qc3 g5+ 45.Kg3 Rf7 46.e5 fxe5 47.Qxe5 Kh6 48.Kg4 Rf8
49.Qe7  1-0

[Event "XI Open A"]
[Site "Mislata ESP"]
[Date "2003.08.20"]
[Round "2"]
[White "Martin Perez,J"]
[Black "Bellon Lopez,JuM"]
[Result "1-0"]
[WhiteElo "2251"]
[BlackElo "2423"]

1.e4 c5 2.Nf3 e6 3.d4 cxd4 4.Nxd4 a6 5.Nc3 b5 6.Bd3 Qb6 7.Nb3 Qc7 8.O-O Bb7
9.f4 b4 10.Ne2 Nf6 11.Ng3 h5 12.Re1 a5 13.Be3 Ng4 14.Qe2 a4 15.Nd4 Bc5 16.Kh1 Qb6
17.c3 Nxe3 18.Qxe3 a3 19.bxa3 Rxa3 20.Nge2 Rxc3 21.Nxc3 Bxd4 22.Na4 Qa7 23.Qg3 h4
24.Qg5 Bxa1 25.Rxa1 Qxa4 26.Qxg7 Rf8 27.f5 Qa3 28.fxe6 dxe6 29.Bb5+ Bc6 30.Qe5 Qa8
31.Qc7 Bxb5 32.Qc8+ Ke7 33.Qc5+ Kf6 34.Qxf8 Qb7 35.Qh6+ Ke5 36.Rd1 Nd7 37.Qg5+ f5
38.exf5 Nf6 39.Re1+ Ne4 40.f6+  1-0

[Event "XI Open A"]
[Site "Mislata ESP"]
[Date "2003.08.20"]
[Round "2"]
[White "Rodriguez Rodriguez,A"]
[Black "Cramling,P"]
[Result "0-1"]
[WhiteElo "2259"]
[BlackElo "2488"]

1.e4 c5 2.Nf3 e6 3.d4 cxd4 4.Nxd4 a6 5.Nc3 Qc7 6.g3 Bb4 7.Ne2 Nf6 8.Bg2 Be7
9.O-O Nc6 10.b3 d6 11.Bb2 b5 12.Nd4 Bb7 13.a3 O-O 14.Re1 Rac8 15.Nxc6 Bxc6
16.Qe2 Rfe8 17.Rad1 Qb7 18.g4 h6 19.Rd3 a5 20.Rg3 b4 21.axb4 axb4 22.Nd1 Nh7
23.f4 Bh4 24.Rh3 Bb5 25.Qd2 Bxe1 26.Qxe1 Rxc2 27.Qh4 Rxg2+  0-1

[Event "9th Open"]
[Site "Pilsen-Lobzy CZE"]
[Date "2003.08.20"]
[Round "5"]
[White "Haba,P"]
[Black "Voloshin,L"]
[Result "1-0"]
[WhiteElo "2502"]
[BlackElo "2468"]

1.e4 c5 2.Nf3 e6 3.d4 cxd4 4.Nxd4 a6 5.Nc3 b5 6.Bd3 Bb7 7.O-O Qc7 8.Re1 Nf6
9.e5 Nd5 10.Nxd5 Bxd5 11.Qg4 Nc6 12.Nxc6 Qxc6 13.Bd2 h5 14.Qh3 Be7 15.b3 Qb7
16.c4 Bc6 17.cxb5 axb5 18.a4 bxa4 19.bxa4 Rxa4 20.Rxa4 Bxa4 21.Qg3 g6 22.h4 Bc6
23.Bg5 Bxg5 24.Qxg5 Qa8 25.Qf6 Rh7 26.f3 Qd8 27.Rb1 Qxf6 28.exf6 d6 29.Rb8+ Kd7
30.Rg8 Rh6 31.f4 Bd5 32.Bb5+ Kc7 33.g3 e5 34.Kf2 Kb6 35.Be8 exf4 36.gxf4 Be6
37.Ke3 Kc5 38.Rg7 Rh8 39.Bxf7 Bxf7 40.Rxf7 Re8+ 41.Kf3 d5 42.f5 gxf5 43.Kf4 Kd6
44.Kxf5 Re1 45.Ra7 Rf1+ 46.Kg6 Rg1+ 47.Kxh5 d4 48.f7 Rf1 49.Kg6 d3 50.Ra8 d2
51.f8=Q+ Rxf8 52.Rxf8 Ke7 53.Rf1  1-0

[Event "14th Sommerpokal"]
[Site "Recklinghausen GER"]
[Date "2003.08.20"]
[Round "3"]
[White "Barskij,V"]
[Black "Servaty,R"]
[Result "0-1"]
[WhiteElo "2427"]
[BlackElo "2153"]

1.e4 c5 2.Nf3 e6 3.d4 cxd4 4.Nxd4 a6 5.Nc3 Qc7 6.Be3 Nf6 7.Be2 Bb4 8.O-O Bxc3
9.bxc3 Nxe4 10.Bd3 Nf6 11.c4 d6 12.Qf3 Nbd7 13.Qg3 g6 14.Nb3 b6 15.a4 a5
16.Nd4 Ba6 17.Rfb1 e5 18.Nb5 Qc6 19.Rb3 O-O 20.Rbb1 Rab8 21.Rd1 Bb7 22.Nc3 Nc5
23.Bxc5 Qxc5 24.Re1 Qc6 25.Reb1 Ba6 26.Nb5 Bxb5 27.Rxb5 Nd7  0-1

[Event "Open"]
[Site "Vienna AUT"]
[Date "2003.08.20"]
[Round "5"]
[White "Van Delft,M"]
[Black "Landa,K"]
[Result "1/2-1/2"]
[WhiteElo "2322"]
[BlackElo "2614"]

1.e4 c5 2.Nf3 e6 3.d4 cxd4 4.Nxd4 a6 5.Nc3 b5 6.Bd3 Qb6 7.Nf3 Qc7 8.O-O Bb7
9.e5 f5 10.exf6 Nxf6 11.Qe2 Be7 12.Ne4 Nxe4 13.Bxe4 O-O 14.c3 a5 15.Bg5 Bxe4
16.Qxe4 Qc6 17.Rfe1 Qxe4 18.Rxe4 Bxg5 19.Nxg5 Rf5 20.Nf3 Rd5 21.Kf1 Nc6 22.Ke2 Kf7
23.Rd1 Rxd1 24.Kxd1 Ke7 25.Nd4 Nxd4 26.Rxd4 Rf8 27.Ke2 Rf5 28.a4 bxa4 29.Rxa4 Rb5
30.Ra2 h5 31.h4 Kf6 32.g3 Kf5 33.f3 d5 34.Ke3 e5 35.Kd3 g6 36.Ke3 Ke6 37.Kd3 Kf6
38.Ke3 Kf5 39.Kd3 g5 40.hxg5 Kxg5 41.Ra4 Kf6 42.Kc2 Kf5 43.Rh4 Kg5 44.f4+ exf4
45.Rxf4 Rb8  1/2-1/2

[Event "ch-FRA w"]
[Site "Aix les Bains FRA"]
[Date "2003.08.21"]
[Round "4"]
[White "Nepeina Leconte,M"]
[Black "Flear,C"]
[Result "1/2-1/2"]
[WhiteElo "2302"]
[BlackElo "2239"]

1.e4 c5 2.Nc3 e6 3.Nf3 a6 4.d4 cxd4 5.Nxd4 Qc7 6.Be2 b5 7.O-O Bb7 8.a3 Nc6
9.Re1 Bd6 10.Nf3 Ne5 11.Nd2 Nf6 12.h3 Ng6 13.Bf1 Be5 14.a4 O-O 15.axb5 Bxc3
16.bxc3 axb5 17.Rb1 Bc6 18.Bxb5 Bxb5 19.Rxb5 Qxc3 20.Bb2 Qc6 21.c4 d6 22.Bxf6 gxf6
23.Qb3 Rfc8 24.Qb2 Ne5 25.Rb3 Qc5 26.Ree3 Kf8 27.Kh2 Nd7 28.Rb5 Qc6 29.Reb3 Ra6
30.Qd4 Qa8 31.Rh5 Ke7 32.Rxh7 Ra3 33.Rd3 Rxd3 34.Qxd3 Qa1 35.Qg3 Qd4 36.Qf4 Rg8
37.Rh5 e5 38.Qe3 Qa1  1/2-1/2

[Event "Open"]
[Site "Porto San Giorgo ITA"]
[Date "2003.08.21"]
[Round "1"]
[White "Hillman,J"]
[Black "Farago,I"]
[Result "0-1"]
[WhiteElo "2035"]
[BlackElo "2465"]

1.e4 c5 2.Nf3 e6 3.d4 cxd4 4.Nxd4 a6 5.Nc3 Qc7 6.Be3 Bb4 7.Ne2 Nf6 8.a3 Be7
9.f3 b5 10.Nd4 Bb7 11.Bd3 Nc6 12.Qd2 Ne5 13.O-O O-O 14.Nde2 Rac8 15.b4 d5
16.exd5 Nxd3 17.cxd3 Bxd5 18.Nxd5 Nxd5 19.Rac1 Qd7 20.Bd4 h6 21.Rxc8 Rxc8
22.Rc1 Rd8 23.g3 Bg5 24.f4 Bf6 25.Bxf6 Nxf6 26.d4 Nd5 27.Kf2 Nb6 28.Rc5 Qb7
29.Qc1 Nc4 30.h4 Nd6 31.Rc6 Nf5 32.Qc3 Nxd4 33.Nxd4 Rxd4 34.Rc8+ Kh7 35.Qc2+ f5
36.Rc6 Qd7 37.Qc3 Rd2+ 38.Ke1 Rd3 39.Rc7 Rxc3 40.Rxd7 Rxg3  0-1

[Event "Open"]
[Site "Porto San Giorgo ITA"]
[Date "2003.08.21"]
[Round "1"]
[White "Tischbierek,R"]
[Black "Iounoussov,M"]
[Result "1-0"]
[WhiteElo "2522"]
[BlackElo "2066"]

1.e4 c5 2.Nc3 e6 3.Nf3 a6 4.d4 cxd4 5.Nxd4 b5 6.Bd3 d6 7.O-O Nf6 8.a4 b4
9.Na2 e5 10.Ne2 Nc6 11.Bg5 Be7 12.c3 bxc3 13.Naxc3 Be6 14.f4 Qb6+ 15.Kh1 Ng4
16.Bxe7 Nxe7 17.f5 Bb3 18.a5 Qb7 19.Qd2 O-O 20.Nc1 Rfc8 21.Qe2 Nf6 22.Ra3  1-0

[Event "14th Sommerpokal"]
[Site "Recklinghausen GER"]
[Date "2003.08.21"]
[Round "4"]
[White "Ciornei,D"]
[Black "Tomic,Bo"]
[Result "1/2-1/2"]
[WhiteElo "2216"]
[BlackElo "2259"]

1.e4 c5 2.Nf3 e6 3.d4 cxd4 4.Nxd4 a6 5.Nc3 Qc7 6.g3 b5 7.Bg2 Bb7 8.O-O Nc6
9.Nxc6 dxc6 10.e5 Qxe5 11.Bf4 Qf5 12.Ne4 Rd8 13.Nd6+ Bxd6 14.Bxd6 Qf6 15.Qd2 Ne7
16.Qb4 Rd7 17.b3 Nd5 18.Qc5 Qd8 19.Be5 f6 20.Bb2 Qb6 21.Qxb6 Nxb6 22.Rfd1 Kd8
23.Rxd7+ Kxd7 24.Rd1+ Kc7 25.Ba3 Rd8 26.Rxd8 Kxd8 27.Bf8 g6 28.f4 Nd7 29.Bd6 Kc8
30.Bh3 f5 31.b4 c5 32.bxc5 Bd5 33.a3 Kb7 34.Kf2 Kc6 35.Ke3 Nxc5 36.Bf8 Be4
37.c3 Kd5 38.Bf1 Nd7 39.Bg7 Nb8 40.Be2 Nc6 41.Bf8 Nb8 42.Bg7 Kc5 43.Bd4+ Kd5
44.Bg7 Nd7 45.Bh8 Nb6 46.Bg7 Nc8 47.Bf8 Nb6 48.Bg7 Nd7 49.Bh8 Nc5 50.Bd4 Nb7
51.Bf6 Nd6 52.Be7 Nf7 53.Kd2 e5 54.Ke3 exf4+ 55.gxf4 Nh6 56.Bf8 Nf7 57.Be7 Ke6
58.Bb4 g5 59.c4 Bc6 60.cxb5 axb5 61.Bh5 gxf4+ 62.Kxf4 Ne5 63.Be2 h6 64.Bd2 Nc4
65.Bc1 Kf6 66.a4 Bd7 67.axb5 Bxb5  1/2-1/2

[Event "Open"]
[Site "Vienna AUT"]
[Date "2003.08.21"]
[Round "6"]
[White "Wittmann,W"]
[Black "Manik,M"]
[Result "0-1"]
[WhiteElo "2359"]
[BlackElo "2471"]

1.e4 c5 2.Nf3 e6 3.d4 cxd4 4.Nxd4 a6 5.Nc3 b5 6.Bd3 Qb6 7.Nf3 Nc6 8.e5 Qb8
9.O-O Nge7 10.Be4 Bb7 11.Re1 Ng6 12.Bg5 d6 13.exd6 Bxd6 14.Bxc6+ Bxc6 15.Nd4 Bd7
16.Nf5 Bxh2+ 17.Kh1 Be5 18.Ne4 Bc6 19.Nfd6+ Kf8 20.Qd2 h6 21.Be3 Bd5 22.Qb4 Kg8
23.f4 Bxd6 24.Nxd6 a5 25.Qc5 Ra6 26.Nf5 Rc6 27.Qd4 Bxg2+ 28.Kxg2 Rxc2+ 29.Kg1 exf5  0-1